|
|
|
|
| LEADER |
00982nam a22002291i 4500 |
| 001 |
IT\ICCU\UBO\1050246 |
| 003 |
GR-PaULI |
| 005 |
20210117210731.0 |
| 008 |
181005s1984 fr ae||g|b ||||| |fre|d |
| 952 |
|
|
|0 0
|1 0
|2 ddc
|4 0
|6 792_025000000000000_SON
|7 0
|9 226458
|a THST
|b THST
|d 2018-10-05
|i 004641
|l 0
|o 792.025 SON
|p 025000012870
|r 2018-10-05 00:00:00
|t 1
|v 2018.00
|w 2018-10-05
|y BK15
|
| 999 |
|
|
|c 136655
|d 136655
|
| 020 |
|
|
|a 2734900129
|
| 040 |
|
|
|b gre
|a GR-PaULI
|c GR-PaULI
|e AACR2
|
| 082 |
0 |
4 |
|2 23
|a 792.025
|
| 100 |
1 |
|
|a Sonrel, Pierre.
|9 171464
|e συγγραφέας
|
| 245 |
1 |
0 |
|a Traite de scenographie :
|b evolution du materiel scenique : inventaire et mise en oeuvre du materiel scenique actuel ... /
|c Pierre Sonrel.
|
| 260 |
|
|
|a Paris :
|b Librairie theatrale,
|c 1984.
|
| 300 |
|
|
|a 301 σ. :
|b εικ. ;
|c 23 εκ.
|
| 504 |
|
|
|6 Περιλαμβάνει βιβλιογραφία.
|
| 650 |
|
4 |
|9 103317
|a Σκηνογραφία
|x Ιστορία
|
| 942 |
|
|
|2 ddc
|c BK15
|
| 998 |
|
|
|c ΜΑΝΙΑ
|d 2018-10
|